[Event "CUB-ch"]
[Site "CUB"]
[Date "1995.??.??"]
[Round "9"]
[White "Becerra Rivero, Julio"]
[Black "Valdes, Luis E"]
[Result "1-0"]
[WhiteElo "2490"]
[BlackElo "2340"]

1.e4 e5 2.Nf3 Nc6 3.Bb5 Nf6 4.O-O Nxe4 5.d4 Nd6 6.Bxc6 dxc6 7.dxe5 Nf5 8.Qxd8+ Kxd8
9.Rd1+ Ke8 10.b3 a5 11.a4 Be6 12.Ng5 Bb4 13.Nxe6 fxe6 14.c3 Be7 15.Ra2 h5
16.g3 g5 17.Ba3 Rd8 18.Rxd8+ Kxd8 19.Rd2+ Kc8 20.Kg2 Rf8 21.Rd3 b6 22.Bc1 g4
23.h3 Rg8 24.Bf4 Bd8 25.hxg4 hxg4 26.Nd2 Ne7 27.Nc4 Nd5 28.Bd2 Bg5 29.Be1 Bh6
30.f3 gxf3+ 31.Rxf3 Rg4 32.Rf7 Re4 33.Kf2 b5 34.Nxa5 bxa4 35.bxa4 Rxa4 36.Nxc6 Bg5
37.Rg7 Rc4 38.Rg8+  1-0

[Event "CUB-ch"]
[Site "CUB"]
[Date "1995.??.??"]
[Round "13"]
[White "Becerra Rivero, Julio"]
[Black "Perez, Rodney"]
[Result "1-0"]
[WhiteElo "2490"]
[BlackElo "2305"]

1.e4 e5 2.Nf3 Nf6 3.Nxe5 d6 4.Nf3 Nxe4 5.d4 d5 6.Bd3 Nc6 7.O-O Be7 8.c4 Nb4
9.Be2 Be6 10.Nc3 O-O 11.cxd5 Nxc3 12.bxc3 Nxd5 13.Bd2 Nb6 14.Qb1 Re8 15.a4 Qc8
16.Bd3 h6 17.Re1 Nc4 18.Bf4 c6 19.h3 b6 20.Qc2 Bd6 21.Bxd6 Nxd6 22.c4 c5
23.d5 Bd7 24.Ne5 Qc7 25.f4 Re7 26.Re2 Rae8 27.Rae1 a6 28.Kh1 b5 29.axb5 axb5
30.Nxd7 Qxd7 31.cxb5 Rxe2 32.Rxe2 c4 33.Rxe8+ Qxe8 34.Bxc4 Qe1+ 35.Kh2 Qb4
36.Bd3 Qxf4+ 37.Kh1 Qd4 38.Qb3 Nc8 39.Qc4 Qa1+ 40.Kh2 Qe5+ 41.Kg1 Qe3+ 42.Kf1 Nd6
43.Qc2 g6 44.Qb1 Qf4+ 45.Kg1 Qd4+ 46.Kh1 Qxd5 47.b6 Qb7 48.Bxg6 Kg7 49.Bd3 Kf8
50.Be2  1-0

[Event "Manzanillo"]
[Site "Manzanillo"]
[Date "1995.??.??"]
[Round "1"]
[White "Moreno, Alejandro"]
[Black "Becerra Rivero, Julio"]
[Result "1/2-1/2"]
[WhiteElo "2335"]
[BlackElo "2490"]

1.d4 Nf6 2.c4 e6 3.Nf3 Bb4+ 4.Bd2 c5 5.Bxb4 cxb4 6.e3 b6 7.Bd3 Bb7 8.Nbd2 O-O
9.O-O d6 10.a3 bxa3 11.Rxa3 Re8 12.Qb1 Qc7 13.b4 e5 14.e4 a5 15.bxa5 bxa5
16.c5 dxc5 17.dxe5 Nfd7 18.Nc4 Nc6 19.Nd6 Reb8 20.Nxf7 Kxf7 21.Qa2+ Ke7 22.Ng5 Nd8
23.f4 c4 24.Bxc4 Rc8 25.Be2 h6 26.Qg8 hxg5 27.Qxg7+ Nf7 28.fxg5 Qb6+ 29.Kh1 Nxe5
30.g6 Qxg6 31.Rxf7+ Qxf7 32.Qxe5+ Qe6 33.Qg7+ Qf7 34.Qe5+ Qe6 35.Qg7+  1/2-1/2

[Event "Manzanillo"]
[Site "Manzanillo"]
[Date "1995.??.??"]
[Round "4"]
[White "Rivera, Alberto"]
[Black "Becerra Rivero, Julio"]
[Result "1-0"]
[WhiteElo "2370"]
[BlackElo "2490"]

1.e4 c5 2.Nf3 e6 3.Nc3 a6 4.g3 b5 5.d4 cxd4 6.Nxd4 Bb7 7.Bg2 Nf6 8.O-O d6
9.Re1 Qd7 10.Bg5 Be7 11.a4 bxa4 12.Nxa4 Qc7 13.c4 O-O 14.b3 h6 15.Bc1 Nc6
16.Bb2 Nd7 17.Qd2 Rfd8 18.Bc3 Nxd4 19.Bxd4 Bf6 20.Bxf6 Nxf6 21.Qd4 Nd7 22.b4 Rab8
23.Rec1 Ne5 24.b5 Qe7 25.h3 Qf6 26.Kf1 d5 27.exd5 exd5 28.cxd5 axb5 29.Nc5 Nd7
30.Nb3 Qd6 31.Na5 Nf6 32.Nxb7 Rxb7 33.Rab1 Nxd5 34.Rc5 Qg6 35.Be4 Qe6 36.Rxd5 Rxd5
37.Qxd5 Qxh3+ 38.Bg2  1-0

[Event "Mar del Plata op"]
[Site "Mar del Plata"]
[Date "1995.??.??"]
[Round "6"]
[White "Fiorito, Fabian"]
[Black "Becerra Rivero, Julio"]
[Result "1-0"]
[WhiteElo "2435"]
[BlackElo "2490"]

1.e4 c5 2.c3 e6 3.d4 d5 4.e5 Bd7 5.Nf3 Nc6 6.dxc5 Bxc5 7.b4 Bb6 8.b5 Na5
9.Bd3 Ne7 10.O-O Nc4 11.a4 Rc8 12.Ra2 Ng6 13.Re1 O-O 14.Ng5 h6 15.Nxf7 Kxf7
16.Qh5 Nxe5 17.Rxe5 Qf6 18.Re3 Bxe3 19.fxe3 Kg8 20.Qxg6 Qxg6 21.Bxg6 e5 22.Ba3 Rf6
23.Bd3 a5 24.Rd2 Bf5 25.Bxf5 Rxf5 26.Rxd5 Rc4 27.Bc1 Rf7 28.Rd3 Rfc7 29.Bb2 Rxa4
30.Na3 Rf7 31.h3 Kh7 32.c4 e4 33.Rd1 Rb4 34.Bd4 Rb3 35.Ra1 Rd3 36.Ra2 h5
37.h4 Rd1+ 38.Kh2 Rff1 39.Kg3 g5 40.hxg5 Kg6 41.c5 Kxg5 42.Be5 h4+ 43.Kh3 Rh1+
44.Bh2 Rd3 45.Nc4 Rc1 46.Ra4 Rdc3 47.c6 b6 48.Nd6 Rxe3+ 49.g3 Kf6 50.c7 hxg3
51.Bxg3 Rxc7 52.Ne8+ Kf5 53.Nxc7 Rb3 54.Rd4 e3 55.Rf4+ Kg6 56.Re4 Kg5 57.Re5+ Kg6
58.Kg4 a4 59.Re6+ Kf7 60.Rxb6 a3 61.Ra6 e2 62.Bf2 Ke7 63.b6 Kd7 64.Nd5 Kc6
65.Ne7+ Kd6 66.Nf5+ Kd5 67.Ng3 Re3  1-0

[Event "Capablanca mem"]
[Site "Matanzas"]
[Date "1995.??.??"]
[Round "4"]
[White "Becerra Rivero, Julio"]
[Black "Arencibia, Juan Joel"]
[Result "1/2-1/2"]
[WhiteElo "2490"]
[BlackElo "2435"]

1.e4 c6 2.d4 d5 3.e5 Bf5 4.Nf3 e6 5.Be2 Ne7 6.O-O Nd7 7.Nh4 c5 8.c3 Bxb1
9.Rxb1 cxd4 10.cxd4 Nc6 11.Nf3 Be7 12.Bd2 O-O 13.b4 a6 14.Bd3 g6 15.a4 Qb6
16.a5 Qa7 17.Bc3 Rfc8 18.Qd2 b5 19.Qb2 Rc7 20.Rfe1 Rac8 21.Bd2 Bf8 22.g4 h6
23.h4 Ndb8 24.h5 g5 25.Rec1 Nd7 26.Kg2 Bg7 27.Be3 Qb7 28.Qd2 f6 29.exf6 Nxf6
30.Qe2 Ne4 31.Bd2 Nxd4 32.Nxd4 Bxd4 33.f3 Rxc1 34.Rxc1 Rxc1 35.Bxc1 Qc7 36.fxe4 Qxc1
37.exd5 Qg1+  1/2-1/2

[Event "Capablanca mem"]
[Site "Matanzas"]
[Date "1995.??.??"]
[Round "7"]
[White "Zapata, Alonso"]
[Black "Becerra Rivero, Julio"]
[Result "1-0"]
[WhiteElo "2535"]
[BlackElo "2490"]

1.e4 c6 2.d4 d5 3.Nc3 dxe4 4.Nxe4 Nd7 5.Bc4 Ngf6 6.Ng5 e6 7.Qe2 Nb6 8.Bd3 h6
9.N5f3 c5 10.dxc5 Bxc5 11.Ne5 O-O 12.Ngf3 Nbd7 13.O-O Nxe5 14.Nxe5 Qc7 15.Bf4 Bd6
16.Rad1 b6 17.Bg3 Rd8 18.Bc4 Bb7 19.Rd4 Bd5 20.Rfd1 Rac8 21.Bd3 b5 22.c3 a6
23.a4 Qb6 24.axb5 axb5 25.Bxb5 Bc5 26.Rf4 Ba8 27.Re1 Ne4 28.Rxe4 Bxe4 29.Bd7 Bd5
30.Bxc8 Rxc8 31.Nd7 Qb3 32.Be5 f5 33.Nxc5 Rxc5 34.Bd6 Rc4 35.Ba3 Re4 36.Qd1 Qc2
37.f3 Rxe1+ 38.Qxe1 g5 39.h3 f4 40.Qe5 Qc1+ 41.Kh2 Qd2 42.Qf6  1-0

[Event "Capablanca mem"]
[Site "Matanzas"]
[Date "1995.??.??"]
[Round "10"]
[White "Becerra Rivero, Julio"]
[Black "Blanco Fernandez, Alvaro"]
[Result "1/2-1/2"]
[WhiteElo "2490"]
[BlackElo "2455"]

1.e4 c5 2.Nf3 e6 3.Nc3 a6 4.g3 b5 5.d4 cxd4 6.Nxd4 Bb7 7.Bg2 Qc7 8.O-O Nc6
9.Re1 Nxd4 10.Qxd4 Qc5 11.Qd3 Rc8 12.Rd1 Nf6 13.Be3 Qc4 14.Bd4 Qxd3 15.cxd3 Be7
16.Rac1 O-O 17.f3 Bc6 18.Ne2 Bb7 19.Kf2 Rxc1 20.Rxc1 Rc8 21.Rxc8+ Bxc8 22.Ke3 Bb7
23.h3 d6 24.Bc3 Kf8 25.f4 Ke8 26.g4 g6 27.Bf3 Nd7 28.b3 e5 29.d4 f6 30.Bb4 Nb8
31.d5 Bc8 32.f5 g5 33.Ng3 Kd7 34.Ba5 Bd8 35.Bxd8 Kxd8 36.Kd3 Kc7 37.Nh5 Nd7
38.Kc3 Kd8 39.Kb4 Ke7 40.Ng3 Nc5 41.Be2 Nb7 42.Kc3 Bd7 43.b4 Be8 44.a4 Kd8
45.Nh5 Bxh5 46.gxh5 h6 47.axb5 axb5 48.Bxb5 Kc7 49.Bc6 Nd8 50.Be8 Kb6 51.Kb3 Nb7
52.Ka4 Nd8  1/2-1/2

[Event "San Juan y Martinez"]
[Site "San Juan"]
[Date "1995.??.??"]
[Round "5"]
[White "Pupo, Emilio"]
[Black "Becerra Rivero, Julio"]
[Result "1-0"]
[WhiteElo "2420"]
[BlackElo "2465"]

1.e4 c5 2.Nf3 d6 3.d4 cxd4 4.Nxd4 Nf6 5.Nc3 e6 6.Be3 a6 7.Qd2 b5 8.f3 Bb7
9.g4 h6 10.h4 Nbd7 11.Rh3 Nb6 12.g5 hxg5 13.Bxg5 Qc7 14.O-O-O b4 15.Nce2 d5
16.exd5 Nbxd5 17.Nf4 O-O-O 18.Nfxe6 fxe6 19.Nxe6 Qa5 20.Nxd8 Qxa2 21.Qd4 Kxd8
22.Bc4 Qa1+ 23.Kd2 Qa5 24.Bxd5 Bxd5 25.Ke1 b3+ 26.c3 Ke8 27.Qe5+ Kf7 28.Bxf6 Ba3
29.Qxd5+ Qxd5 30.Rxd5 Bxb2 31.Bd4 Rb8 32.Kd2 Ba3 33.Rh1  1-0

[Event "San Martin"]
[Site "San Martin"]
[Date "1995.??.??"]
[Round "3"]
[White "Becerra Rivero, Julio"]
[Black "Ricardi, Pablo"]
[Result "1-0"]
[WhiteElo "2490"]
[BlackElo "2530"]

1.e4 c6 2.d4 d5 3.e5 Bf5 4.Nc3 e6 5.g4 Bg6 6.Nge2 Be7 7.Be3 Nd7 8.Qd2 Qa5
9.Nf4 Bb4 10.h4 O-O-O 11.h5 Nxe5 12.dxe5 d4 13.Bxd4 c5 14.hxg6 cxd4 15.O-O-O Nh6
16.Qe2 dxc3 17.Rxd8+ Rxd8 18.gxh7 Be7 19.Kb1 Qxe5 20.h8=Q Qxf4 21.Qxg7 Bf6
22.Qxh6 Bg5 23.Qxg5 Qxg5 24.Qc4+ Kb8 25.Bg2  1-0

[Event "San Martin"]
[Site "San Martin"]
[Date "1995.??.??"]
[Round "5"]
[White "Becerra Rivero, Julio"]
[Black "Sorokin, Maxim"]
[Result "1-0"]
[WhiteElo "2490"]
[BlackElo "2535"]

1.e4 c5 2.Nf3 Nc6 3.Bb5 e6 4.O-O Nge7 5.Re1 a6 6.Bf1 d5 7.exd5 Qxd5 8.Nc3 Qd8
9.Ne4 Nf5 10.c3 Be7 11.a3 O-O 12.b4 b6 13.Rb1 Qc7 14.bxc5 bxc5 15.a4 Na5
16.d3 Bb7 17.g3 e5 18.Ba3 Rad8 19.Qc2 Bd5 20.Bh3 g6 21.Bg2 f6 22.Qe2 Kh8
23.g4 Ng7 24.c4 Ba8 25.g5 fxg5 26.Bb2 Nc6 27.Nexg5 Nd4 28.Nxd4 cxd4 29.Bxa8 Bxg5
30.Bd5 Bf4 31.Ba3 Rf5 32.h4 Rh5 33.Rb7 Qc8 34.Reb1 Qh3 35.Bg2 Qxh4 36.Be7 Qh2+
37.Kf1 Rg8 38.Bf6 Rf5 39.R1b6 h5 40.Qf3 Be3 41.Qxf5 gxf5 42.fxe3 dxe3 43.Bxg7+ Rxg7
44.Rh6+ Kg8 45.Rb8+  1-0

[Event "San Martin"]
[Site "San Martin"]
[Date "1995.??.??"]
[Round "8"]
[White "Becerra Rivero, Julio"]
[Black "Rodriguez, Andres"]
[Result "1/2-1/2"]
[WhiteElo "2490"]
[BlackElo "2435"]

1.e4 d5 2.exd5 Qxd5 3.Nc3 Qa5 4.d4 Nf6 5.Bc4 c6 6.Ne2 Bf5 7.Ng3 Bg6 8.h4 h6
9.h5 Bh7 10.Qe2 e6 11.Bb3 Bb4 12.Bd2 Nbd7 13.O-O O-O 14.a3 Bxc3 15.Bxc3 Qg5
16.Rfe1 Qh4 17.Qf3 Ng4 18.Qf4 Ndf6 19.f3 Nxh5  1/2-1/2

[Event "San Martin"]
[Site "San Martin"]
[Date "1995.??.??"]
[Round "9"]
[White "Scarella, Enrique"]
[Black "Becerra Rivero, Julio"]
[Result "1/2-1/2"]
[WhiteElo "2380"]
[BlackElo "2490"]

1.d4 Nf6 2.Nf3 g6 3.g3 Bg7 4.Bg2 O-O 5.c4 d6 6.Nc3 c6 7.e4 Qa5 8.O-O e5 9.d5 cxd5
10.cxd5 b5 11.Nd2 b4 12.Nb3 Qd8 13.Ne2 a5 14.a3 Ba6 15.axb4 axb4 16.Bd2 Nbd7
17.Re1 Qb8 18.Nec1 Nc5 19.Nxc5 dxc5 20.Nb3 Nd7 21.Rc1 Qd6 22.Bf1 Rfc8 23.Bh3 Bb5
24.Bxd7 Bxd7 25.Rxc5 Ba4 26.Rxc8+ Rxc8 27.Qf3 Rc2 28.Ra1  1/2-1/2

[Event "Andorra"]
[Site "Andorra"]
[Date "1996.??.??"]
[Round "2"]
[White "Boix Moreno, Daniel"]
[Black "Becerra Rivero, Julio"]
[Result "0-1"]
[WhiteElo "2215"]
[BlackElo "2545"]

1.e4 c5 2.Nf3 d6 3.d4 cxd4 4.Nxd4 Nf6 5.Nc3 Nc6 6.Bc4 e6 7.Be3 Be7 8.Qe2 Bd7
9.O-O-O Rc8 10.Bb3 Na5 11.f3 a6 12.g4 O-O 13.g5 Nh5 14.Rhg1 b5 15.f4 g6 16.f5 b4
17.Na4 Nxb3+ 18.axb3 Qa5 19.Kb1 e5 20.f6 exd4 21.fxe7 Rfe8 22.Bxd4 Bb5 23.Qf2 Bxa4
24.bxa4 Qxa4 25.b3 Qc6 26.Bf6 a5 27.Rd4 a4 28.Rc4 Qa8 29.Rxc8 Rxc8 30.bxa4 Qxa4
31.Bb2 b3 32.cxb3 Qxe4+ 33.Ka2 Ra8+ 34.Ba3 Qxe7 35.Rf1 Ng7 36.h4 d5 37.b4 Nf5
38.Qe1 Ne3  0-1

[Event "Andorra"]
[Site "Andorra"]
[Date "1996.??.??"]
[Round "6"]
[White "Jose Queralto, Daniel"]
[Black "Becerra Rivero, Julio"]
[Result "0-1"]
[WhiteElo "2190"]
[BlackElo "2545"]

1.e4 c5 2.Nf3 e6 3.d4 cxd4 4.Nxd4 a6 5.Be2 Nf6 6.Bf3 Qc7 7.O-O Nc6 8.Nxc6 bxc6
9.c4 Bd6 10.h3 Rb8 11.Nc3 c5 12.Qc2 Ng8 13.g3 Ne7 14.Bg2 Nc6 15.f4 Be7 16.b3 d6
17.Be3 Bb7 18.Rad1 O-O 19.Kh1 Rfd8 20.Rd2 Bf6 21.Ne2 Nb4 22.Qb1 a5 23.Bg1 a4
24.Rfd1 axb3 25.a3 Nc2 26.Rd3 Bxe4 27.Rxb3 Qc6 28.Rxb8 Bxg2+ 29.Kh2 Bh1 30.Rxd8+ Bxd8
31.Rd5 exd5 32.Qb8 Qb6 33.Qxb6 Bxb6  0-1

[Event "Andorra"]
[Site "Andorra"]
[Date "1996.??.??"]
[Round "8"]
[White "Lorenzini, Martin"]
[Black "Becerra Rivero, Julio"]
[Result "1/2-1/2"]
[WhiteElo "2295"]
[BlackElo "2545"]

1.e4 c5 2.Nf3 d6 3.d4 cxd4 4.Nxd4 Nf6 5.Nc3 Nc6 6.Bg5 e6 7.Qd2 a6 8.O-O-O h6
9.Be3 Be7 10.f4 Nxd4 11.Bxd4 b5 12.Bxf6 gxf6 13.Bd3 b4 14.Ne2 Qb6 15.f5 Qc5
16.Nf4 Rg8 17.Kb1 a5 18.Rc1 a4 19.g3 Rb8 20.c3 b3 21.a3 exf5 22.exf5 Bxf5
23.Rcd1  1/2-1/2

[Event "Andorra"]
[Site "Andorra"]
[Date "1996.??.??"]
[Round "9"]
[White "Becerra Rivero, Julio"]
[Black "Pomes Marcet, Juan"]
[Result "0-1"]
[WhiteElo "2545"]
[BlackElo "2420"]

1.e4 d5 2.exd5 Qxd5 3.Nc3 Qa5 4.d4 Nf6 5.Nf3 Bf5 6.Ne5 c6 7.Nc4 Qd8 8.Be2 e6
9.O-O Nbd7 10.Bf3 Be7 11.a4 a5 12.Ne2 Nd5 13.Ng3 Bg6 14.c3 O-O 15.Re1 Re8
16.Be4 N7f6 17.Bxg6 hxg6 18.Bg5 b5 19.Ne5 Qc7 20.Qf3 Bd6 21.Nd3 Nd7 22.Bd2 N7b6
23.axb5 cxb5 24.Nf1 Nc4 25.Qh3 a4 26.Bg5 a3 27.bxa3 Nxc3 28.Nc5 Bxc5 29.dxc5 Nd5
30.Nd2 Nxd2 31.Bxd2 Qxc5 32.Qb3 Reb8 33.g3 Ra4 34.Reb1 Qa7 35.Qb2 Rc4 36.Rc1 Re4
37.Be1 g5 38.Rc2 g4 39.Qc1 Qd4 40.Rb1 Qe5 41.Ba5 Re2 42.Bc7 Nxc7 43.Rxe2 Qxe2
44.Qxc7 Ra8 45.Qc6 Rd8 46.Kg2 Rd5 47.Rf1 Qf3+ 48.Kg1 Qxa3  0-1

[Event "CUB-ch"]
[Site "Las Tunas"]
[Date "1996.??.??"]
[Round "6"]
[White "Becerra Rivero, Julio"]
[Black "Espinosa, Julio"]
[Result "1-0"]
[WhiteElo "2545"]
[BlackElo "2330"]

1.e4 e5 2.Nf3 d6 3.d4 exd4 4.Nxd4 Nf6 5.Nc3 Be7 6.Bf4 O-O 7.Qd2 a6 8.O-O-O b5
9.f3 c6 10.g4 b4 11.Nce2 c5 12.Nf5 Bxf5 13.gxf5 Qa5 14.Kb1 Nc6 15.Rg1 Kh8
16.Nc1 Rad8 17.Qg2 Ne8 18.Be3 Qb6 19.f4 Bf6 20.Nb3 Nc7 21.Bc4 Nd4 22.Bf2 d5
23.exd5 Ne8 24.Nxd4 cxd4 25.Qe4 Qc7 26.Bb3 Nd6 27.Qd3 Nb5 28.Be1 Qd6 29.Qc4 Be7
30.f6 Qxf6 31.Bxb4 Rc8 32.Bxe7 Qxe7 33.Qd3 Qc5 34.a4 Nc3+ 35.bxc3 dxc3 36.Qd4  1-0

[Event "CUB-ch"]
[Site "Las Tunas"]
[Date "1996.??.??"]
[Round "7"]
[White "Gonzalez, Renier"]
[Black "Becerra Rivero, Julio"]
[Result "0-1"]
[WhiteElo "2450"]
[BlackElo "2545"]

1.e4 c5 2.Nf3 d6 3.Nc3 Nc6 4.Bb5 Bd7 5.Bxc6 bxc6 6.h3 e5 7.d3 Ne7 8.O-O Ng6
9.Nh2 Be7 10.Ne2 O-O 11.f4 f5 12.exf5 Nxf4 13.Nxf4 exf4 14.Bxf4 Bxf5 15.b3 Bf6
16.Rb1 Bc3 17.Qf3 Qd7 18.Qg3 Rad8 19.Nf3 Be6 20.Ng5 Bd5 21.Ne4 Bd4+ 22.Kh1 Bxe4
23.dxe4 Qe6 24.Qd3 Rde8 25.Rbd1 h6 26.c3 Be5 27.Bxe5 Rxf1+ 28.Qxf1 Qxe5 29.Qc4+ Kh7
30.Kg1 Re6 31.Qd3 a5 32.Rd2 Kh8 33.Rd1 Kg8 34.Qf3 c4 35.bxc4 Qxe4 36.Qxe4 Rxe4
37.Rxd6 Rxc4 38.Rd3 Kf7 39.Kf2 Ra4 40.Rd6 Rxa2+ 41.Kf3 c5 42.Rc6 a4 43.Rxc5 Rc2
44.Rc7+ Kf6 45.c4 a3 46.c5 Rc3+ 47.Kf2 Ke5 48.Rxg7 Kd5 49.Rg6 a2 50.Ra6 Rc2+
51.Kf3 Kxc5 52.g4 Kb4 53.Kf4 Kb5  0-1

[Event "CUB-ch"]
[Site "Las Tunas"]
[Date "1996.??.??"]
[Round "12"]
[White "Becerra Rivero, Julio"]
[Black "Leyva, Ricardo"]
[Result "1-0"]
[WhiteElo "2545"]
[BlackElo "2370"]

1.e4 c5 2.c3 e6 3.Nf3 Nc6 4.Bb5 d5 5.exd5 exd5 6.Qe2+ Be7 7.O-O Nf6 8.Re1 Bg4
9.d3 Qd6 10.Bf4 Qd7 11.Nbd2 Nh5 12.Be3 O-O 13.h3 Bxf3 14.Nxf3 Qc7 15.Nh4 Nf6
16.Nf5 Rfe8 17.Bg5 h6  1-0

[Event "Mislata op 5th"]
[Site "Mislata"]
[Date "1996.??.??"]
[Round "6"]
[White "Hernandez, Gilberto"]
[Black "Becerra Rivero, Julio"]
[Result "1/2-1/2"]
[WhiteElo "2560"]
[BlackElo "2545"]

1.e4 d5 2.exd5 Qxd5 3.Nc3 Qa5 4.Nf3 Nf6 5.d4 c6 6.Bc4 Bf5 7.Bd2 Nbd7 8.Nd5 Qd8
9.Nxf6+ Nxf6 10.c3 e6 11.Bg5 Bd6 12.Bh4 Qc7 13.Bg3 O-O-O 14.Qe2 Bg4 15.O-O-O Bf4+
16.Kb1 Ne4 17.Bd3 Nxg3 18.hxg3 Bd6 19.Qe4 h5 20.Rd2 Bxf3 21.Qxf3  1/2-1/2

[Event "Mislata op 5th"]
[Site "Mislata"]
[Date "1996.??.??"]
[Round "7"]
[White "Oltra Caurin, Ramon"]
[Black "Becerra Rivero, Julio"]
[Result "0-1"]
[WhiteElo "2405"]
[BlackElo "2545"]

1.e4 c6 2.d4 d5 3.Nc3 dxe4 4.Nxe4 Nd7 5.Nf3 Ngf6 6.Ng3 e6 7.Bd3 Be7 8.O-O b6
9.a4 a6 10.Qe2 O-O 11.Bg5 Bb7 12.Ne5 c5 13.Nxd7 Nxd7 14.Bxe7 Qxe7 15.d5 Bxd5
16.Bxa6 Qh4 17.c4 Bxg2 18.Kxg2 Rxa6 19.Rfd1 Nf6 20.b3 Qf4 21.Qf3 Qxf3+ 22.Kxf3 Rc8
23.Rd3 Kf8 24.Rad1 Ke7 25.Ne4 Rc7 26.Nxf6 Kxf6 27.Rd8 Raa7 28.Rb8 Rab7 29.Rdd8 Kf5
30.h3 g5 31.Rdc8 Rd7 32.Rxb7 Rxb7 33.Rc6 h5 34.Ke3 Ke5 35.f3 Kf5 36.Rc8 f6
37.Rd8 h4 38.Rd6 Ke5 39.Rd8 Rc7 40.Rb8 Rc6 41.Rb7 f5 42.Rg7 Rd6 43.Rb7 Rd1
44.Rxb6 g4 45.hxg4 fxg4 46.Rc6 g3 47.Rxc5+ Kf6  0-1

[Event "Mondariz op"]
[Site "Mondariz"]
[Date "1996.??.??"]
[Round "?"]
[White "Psakhis, Lev"]
[Black "Becerra Rivero, Julio"]
[Result "1/2-1/2"]
[WhiteElo "2590"]
[BlackElo "2545"]

1.c4 g6 2.d4 Nf6 3.Nc3 Bg7 4.e4 O-O 5.f3 d6 6.Be3 c5 7.Nge2 Nc6 8.d5 Ne5
9.Ng3 a6 10.a4 e6 11.Be2 exd5 12.cxd5 Bd7 13.h3 b5 14.f4 Nc4 15.Bxc4 bxc4
16.O-O Re8 17.Qf3 Qe7 18.Rae1 h5 19.e5  1/2-1/2

[Event "Mondariz op"]
[Site "Mondariz"]
[Date "1996.??.??"]
[Round "?"]
[White "Paramos Dominguez, Roberto"]
[Black "Becerra Rivero, Julio"]
[Result "0-1"]
[WhiteElo "2410"]
[BlackElo "2545"]

1.d4 Nf6 2.c4 g6 3.Nc3 Bg7 4.Nf3 O-O 5.g3 d6 6.Bg2 c5 7.O-O Nc6 8.d5 Na5
9.Nd2 a6 10.Qc2 Rb8 11.b3 b5 12.Bb2 e5 13.dxe6 Bxe6 14.cxb5 axb5 15.Nce4 Nxe4
16.Nxe4 Bxb2 17.Qxb2 f5 18.Nc3 Qf6 19.Qd2 b4 20.Nd5 Bxd5 21.Qxd5+ Kh8 22.Rad1 Rb6
23.e3 Rd8 24.Rd2 Nc6 25.Rfd1 Ne5 26.h3 Kg7 27.f4 Nd7 28.g4 Qe7 29.Qd3 Nf6
30.gxf5 gxf5 31.Qxf5 Qxe3+ 32.Kh1 d5 33.Rd3 Qe6 34.Qg5+ Kh8 35.f5 Qe7 36.Re3 Qg7
37.Qxg7+ Kxg7 38.Re7+ Kh6 39.Rc7 Ra8 40.Rxc5 Rxa2 41.Bxd5 Rb2 42.Rdc1 Rd6
43.Rc6 Rxc6 44.Rxc6 Kg5 45.Bf7 Ne4 46.Kg1 Kxf5 47.Rb6 Ng5 48.Bg8 h5 49.Rxb4 Nxh3+
50.Kf1 Nf4 51.Rb7 h4 52.Rg7 h3 53.Kg1 Nh5 54.Bh7+ Kf4 55.Rf7+ Kg3  0-1

[Event "Mondariz op"]
[Site "Mondariz"]
[Date "1996.??.??"]
[Round "?"]
[White "Becerra Rivero, Julio"]
[Black "Roeder, Mathias"]
[Result "1-0"]
[WhiteElo "2545"]
[BlackElo "2435"]

1.e4 c5 2.Nf3 d6 3.d4 cxd4 4.Nxd4 Nf6 5.Nc3 a6 6.Bg5 e6 7.f4 Qb6 8.Qd2 Qxb2
9.Rb1 Qa3 10.Bxf6 gxf6 11.Be2 Nc6 12.Nxc6 bxc6 13.O-O Bg7 14.Rb3 Qc5+ 15.Kh1 f5
16.e5 dxe5 17.Na4 Qe7 18.Nb6 Rb8 19.Nc4 Rxb3 20.Nd6+ Kf8 21.cxb3 Qc7 22.Bh5 e4
23.Rd1 Ke7 24.Nxf7 Rf8 25.Ne5 Bxe5 26.fxe5 Qxe5 27.Qg5+ Qf6 28.Qe3 Qg7 29.Qc5+ Kf6
30.g4 Rg8 31.h4 h6 32.Rd6 fxg4 33.Rd1 Qc7 34.Rf1+ Kg7 35.Qd4+ e5 36.Qxe4 g3
37.Bf7 Qxf7 38.Qxe5+ Kf8 39.Qd6+ Kg7 40.Rxf7+ Kxf7 41.Qc7+ Kf6 42.Qxc6+ Be6
43.Kg2 Ke5 44.Qc3+ Ke4 45.Qf3+ Ke5 46.Qe3+ Kf5 47.Qxh6 Bd5+ 48.Kg1 g2 49.Qd6 Be4
50.Qd7+ Ke5 51.Qe7+ Kd4 52.h5 Ke3 53.Qa7+ Ke2 54.Qxa6+ Kf3 55.Qf6+ Ke3 56.h6 Rg6
57.Qf2+ Kd3 58.Qf4 Rg8 59.h7 Bxh7 60.Qf7  1-0

[Event "Santa Clara"]
[Site "Santa Clara"]
[Date "1996.??.??"]
[Round "7"]
[White "Zapata, Alonso"]
[Black "Becerra Rivero, Julio"]
[Result "0-1"]
[WhiteElo "2505"]
[BlackElo "2530"]

1.e4 c5 2.Nf3 d6 3.d4 cxd4 4.Nxd4 Nf6 5.Nc3 Nc6 6.Bc4 e6 7.Be3 Be7 8.Qe2 Bd7
9.O-O-O Rc8 10.Kb1 Na5 11.Bd3 O-O 12.g4 Be8 13.f4 Nd7 14.Nb3 a6 15.g5 b5
16.Rhg1 Nc4 17.Bc1 Ndb6 18.f5 b4 19.Nd5 exd5 20.f6 g6 21.exd5 Bxf6 22.gxf6 Qxf6
23.h4 Bb5 24.h5 Na4 25.Qf1 Qg7 26.Bxc4 Rxc4 27.Qh3 Rd8 28.Rdf1 Re4 29.Rf2 Rde8
30.h6 Qe5 31.Rf5 Bd7 32.Rxe5 Bxh3 33.Rxe8+ Rxe8 34.Bd2 Re5 35.Re1 f5 36.Bxb4 f4
37.Nd4 Nb6 38.Rh1 Bg2 39.Rd1 Nc8 40.c4 f3 41.Rd2 g5 42.Ne6 Rf5 43.Nxg5 f2
44.Rxf2 Rxf2 45.Bc3 Ne7  0-1

[Event "Yerevan ol (Men)"]
[Site "Yerevan"]
[Date "1996.??.??"]
[Round "8"]
[White "Damljanovic, Branko"]
[Black "Becerra Rivero, Julio"]
[Result "1-0"]
[WhiteElo "2470"]
[BlackElo "2545"]

1.Nf3 Nf6 2.g3 g6 3.b3 Bg7 4.Bb2 O-O 5.Bg2 d6 6.d4 Nbd7 7.O-O e5 8.dxe5 Ng4
9.c4 Ngxe5 10.Nc3 Nxf3+ 11.Bxf3 Re8 12.Qd2 Nf6 13.Rad1 Qe7 14.Rfe1 a6 15.e4 Qf8
16.Bg2 Bg4 17.f3 Be6 18.f4 Bh8 19.Nd5 Nxd5 20.cxd5 Bxb2 21.dxe6 Ba3 22.exf7+ Qxf7
23.e5 c6 24.exd6 Rxe1+ 25.Qxe1 Rd8 26.Bh3 Qe8 27.Be6+ Kg7 28.Qe5+ Kh6 29.g4  1-0

[Event "Yerevan ol (Men)"]
[Site "Yerevan"]
[Date "1996.??.??"]
[Round "13"]
[White "Nevednichy, Vladislav"]
[Black "Becerra Rivero, Julio"]
[Result "0-1"]
[WhiteElo "2525"]
[BlackElo "2545"]

1.e4 c6 2.c4 e5 3.Nf3 d6 4.d4 Bg4 5.dxe5 Bxf3 6.gxf3 dxe5 7.Qxd8+ Kxd8 8.f4 Bb4+
9.Nc3 Nf6 10.f3 Nbd7 11.Be2 Bd6 12.fxe5 Bxe5 13.O-O g5 14.f4 gxf4 15.Bxf4 Rg8+
16.Kh1 Ke7 17.Bxe5 Nxe5 18.Rf5 Nfd7 19.Raf1 f6 20.Nd1 Rg5 21.Ne3 Rag8 22.R5f4 Ng6
23.R4f3 Kd8 24.Nf5 Kc7 25.R3f2 Nc5 26.Ng3 Ne5 27.Rf4 Rd8 28.b4 Ncd7 29.Rh4 Rh8
30.a3 a5 31.c5 b6 32.cxb6+ Kxb6 33.Rh3 axb4 34.axb4 h6 35.Kg2 Ra8 36.Rxh6 Ra2
37.Rf2 Rb2 38.Rh8 Rxb4 39.h4 Rg7  0-1

[Event "Capablanca 32th Elite"]
[Site "Cienfuegos"]
[Date "1997.05.11"]
[Round "5"]
[White "Schlosser, Philipp"]
[Black "Becerra Rivero, Julio"]
[Result "1/2-1/2"]
[WhiteElo "2560"]
[BlackElo "2510"]

1.Nf3 c5 2.c4 Nc6 3.d4 cxd4 4.Nxd4 Nf6 5.Nc3 g6 6.Nc2 Bg7 7.e4 O-O 8.Be2 b6
9.O-O Bb7 10.Bg5 Rc8 11.f3 Ne8 12.Qd2 Nc7 13.Rad1 d6 14.Kh1 Ne6 15.Be3 f5
16.exf5 gxf5 17.f4 Kh8 18.Rfe1 Qd7 19.b3 Ncd8 20.Bf1 Nc5 21.Bd4 Rg8 22.Ne3 e6
23.b4 Ne4 24.Nxe4 Bxe4 25.Bxg7+ Qxg7 26.Qxd6 Nf7 27.Qxe6 Rc6 28.Qd7 Rxc4
29.Rd2 Rxb4 30.Nxf5 Qf6 31.Qe7 Qxe7 32.Nxe7 Rd8 33.Rxd8+ Nxd8 34.Kg1 Kg7
35.g3 Ne6 36.a3 Rd4 37.Bg2 Nc5 38.Bxe4 Rxe4 39.Rxe4 Nxe4 40.Nc8 Nd2 41.Nxa7 Nc4
42.Nb5 Kf6 43.Kf2 Ke6 44.g4 Kd5 45.Kf3 Kc5 46.a4 Kb4 47.g5 Kxa4 48.Nd4 Kb4
49.h4 Kc5 50.Ke4 Nd6+ 51.Kd3 Kd5 52.h5 b5 53.h6 b4 54.Nc2 b3 55.Ne3+ Ke6
56.Kc3 Ne4+ 57.Kxb3 Nxg5 58.fxg5 Kf7  1/2-1/2

[Event "Benasque op"]
[Site "Benasque"]
[Date "1997.??.??"]
[Round "4"]
[White "Becerra Rivero, Julio"]
[Black "Castelltort Fernandez, Antonio"]
[Result "1-0"]
[WhiteElo "2510"]
[BlackElo "2260"]

1.e4 c5 2.Nf3 Nc6 3.Bb5 g6 4.O-O Bg7 5.Re1 Nf6 6.e5 Nd5 7.Nc3 Nc7 8.Bxc6 dxc6
9.Ne4 Ne6 10.d3 O-O 11.Be3 b6 12.Qd2 f5 13.exf6 exf6 14.Bh6 Qc7 15.Bxg7 Qxg7
16.a4 a5 17.Nd6 Qc7 18.Nxc8 Qxc8 19.Qc3 Rb8 20.Qb3 Re8 21.Re4 Qd7 22.Rae1 Kf7
23.d4 Qd5 24.Qe3 c4 25.Qh6 Nf8 26.Qf4 Nd7 27.Ne5+ Nxe5 28.dxe5 Re6 29.Qh6 Kg8
30.exf6  1-0

[Event "Benasque op"]
[Site "Benasque"]
[Date "1997.??.??"]
[Round "6"]
[White "Becerra Rivero, Julio"]
[Black "Marin, Mihail"]
[Result "1/2-1/2"]
[WhiteElo "2510"]
[BlackElo "2545"]

1.e4 d6 2.d4 Nf6 3.Nc3 g6 4.Bg5 Bg7 5.e5 dxe5 6.dxe5 Ng4 7.Qxd8+ Kxd8 8.Rd1+ Bd7
9.e6 fxe6 10.Bc4 Ke8 11.Nge2 Na6 12.Nd4 Kf7 13.O-O Ne5 14.Bxa6 bxa6 15.Ne4 Rhd8
16.Bf4 h6 17.Nc5 Nc6 18.Ndb3 Be8 19.c3 e5 20.Be3 a5 21.Nb7 Rdb8 22.N7c5 Rd8
23.Na6 Rdc8 24.Rd2 a4 25.Nbc5 Na5 26.b3 Bb5 27.Rb1 Bxa6 28.Nxa6 Rd8 29.c4 Rac8
30.Nc5 axb3 31.axb3 Rb8 32.Rxd8 Rxd8 33.Kf1 Rb8 34.Ra1 Nc6 35.Ra6 Rb6 36.Ke2 e6
37.b4 Bf8 38.b5 Bxc5 39.Bxc5 Rxa6 40.bxa6 Nb8 41.Bxa7 Nxa6 42.Kf3 Nb4 43.Bb8 Na6
44.Ba7 Nb4 45.Be3 h5 46.Ke4 Nc6 47.Bd2 Ke7 48.c5 Nb8 49.Kxe5 Nd7+ 50.Kd4 c6
51.Bg5+ Kf7 52.f4 Ke8 53.Bh4 Kf7 54.g3 e5+ 55.fxe5 Ke6 56.Bf6 Nxf6 57.exf6 Kxf6
58.Ke4 g5 59.h4 gxh4 60.gxh4 Ke6 61.Kf4 Kf6  1/2-1/2